<?xml version="1.0" encoding="UTF-8"?>
<record
    xmlns:xsi="http://www.w3.org/2001/XMLSchema-instance"
    xsi:schemaLocation="http://www.loc.gov/MARC21/slim http://www.loc.gov/standards/marcxml/schema/MARC21slim.xsd"
    xmlns="http://www.loc.gov/MARC21/slim">

  <leader>00471    a2200181   4500</leader>
  <controlfield tag="003">3228</controlfield>
  <controlfield tag="005">20240724105429.0</controlfield>
  <controlfield tag="008">240724b        sa o|||j |||| 00| 1 eng d</controlfield>
  <datafield tag="020" ind1=" " ind2=" ">
    <subfield code="a">9780431127781</subfield>
  </datafield>
  <datafield tag="040" ind1=" " ind2=" ">
    <subfield code="a">RDA</subfield>
    <subfield code="c">OCLC</subfield>
    <subfield code="d">3228</subfield>
  </datafield>
  <datafield tag="082" ind1=" " ind2=" ">
    <subfield code="2">23</subfield>
    <subfield code="a">J 641.35656 SPIL</subfield>
  </datafield>
  <datafield tag="100" ind1=" " ind2=" ">
    <subfield code="a">Spilsbury, Louise.</subfield>
    <subfield code="9">93</subfield>
  </datafield>
  <datafield tag="245" ind1=" " ind2=" ">
    <subfield code="a">Peas</subfield>
    <subfield code="c">Louise Spilsbury</subfield>
  </datafield>
  <datafield tag="260" ind1=" " ind2=" ">
    <subfield code="a">Oxford;</subfield>
    <subfield code="b">Heinemann Library;</subfield>
    <subfield code="c">2002.</subfield>
  </datafield>
  <datafield tag="300" ind1=" " ind2=" ">
    <subfield code="a">32 pages;</subfield>
    <subfield code="c">22cm x 19 cm</subfield>
  </datafield>
  <datafield tag="490" ind1=" " ind2=" ">
    <subfield code="a">Food</subfield>
  </datafield>
  <datafield tag="942" ind1=" " ind2=" ">
    <subfield code="2">ddc</subfield>
    <subfield code="c">BOOK</subfield>
    <subfield code="y">174</subfield>
    <subfield code="z">Sanet Schoeman</subfield>
  </datafield>
  <datafield tag="999" ind1=" " ind2=" ">
    <subfield code="c">746442</subfield>
    <subfield code="d">746441</subfield>
  </datafield>
  <datafield tag="952" ind1=" " ind2=" ">
    <subfield code="0">0</subfield>
    <subfield code="1">0</subfield>
    <subfield code="4">0</subfield>
    <subfield code="7">0</subfield>
    <subfield code="8">600</subfield>
    <subfield code="a">STANL</subfield>
    <subfield code="b">STANL</subfield>
    <subfield code="c">GEN</subfield>
    <subfield code="d">2023-03-20</subfield>
    <subfield code="g">136.96</subfield>
    <subfield code="l">0</subfield>
    <subfield code="o">J 641.35656 SPIL</subfield>
    <subfield code="p">3300410020392</subfield>
    <subfield code="r">2023-03-20</subfield>
    <subfield code="v">136.96</subfield>
    <subfield code="w">2023-03-20</subfield>
    <subfield code="y">BOOK</subfield>
  </datafield>
  <datafield tag="952" ind1=" " ind2=" ">
    <subfield code="0">0</subfield>
    <subfield code="1">0</subfield>
    <subfield code="4">0</subfield>
    <subfield code="7">0</subfield>
    <subfield code="8">600</subfield>
    <subfield code="a">STANRL</subfield>
    <subfield code="b">EMIZL</subfield>
    <subfield code="c">GEN</subfield>
    <subfield code="d">2024-07-24</subfield>
    <subfield code="g">136.96</subfield>
    <subfield code="l">0</subfield>
    <subfield code="o">J 641.35656 SPIL</subfield>
    <subfield code="p">33228031014934</subfield>
    <subfield code="r">2024-07-24</subfield>
    <subfield code="w">2024-07-24</subfield>
    <subfield code="y">BOOK</subfield>
  </datafield>
  <datafield tag="952" ind1=" " ind2=" ">
    <subfield code="0">0</subfield>
    <subfield code="1">0</subfield>
    <subfield code="2">ddc</subfield>
    <subfield code="4">0</subfield>
    <subfield code="7">0</subfield>
    <subfield code="8">600</subfield>
    <subfield code="a">MKHWL</subfield>
    <subfield code="b">MKHWL</subfield>
    <subfield code="c">GEN</subfield>
    <subfield code="d">2025-07-07</subfield>
    <subfield code="l">0</subfield>
    <subfield code="o">J 641.35656 SPIL</subfield>
    <subfield code="p">3228200039056</subfield>
    <subfield code="r">2025-07-07</subfield>
    <subfield code="w">2025-07-07</subfield>
    <subfield code="y">BOOK</subfield>
  </datafield>
  <datafield tag="952" ind1=" " ind2=" ">
    <subfield code="0">0</subfield>
    <subfield code="1">0</subfield>
    <subfield code="2">ddc</subfield>
    <subfield code="4">0</subfield>
    <subfield code="7">0</subfield>
    <subfield code="8">600</subfield>
    <subfield code="a">MKHWL</subfield>
    <subfield code="b">MKHWL</subfield>
    <subfield code="c">GEN</subfield>
    <subfield code="d">2025-07-07</subfield>
    <subfield code="l">0</subfield>
    <subfield code="o">J 641.35656 SPIL</subfield>
    <subfield code="p">3228200039055</subfield>
    <subfield code="r">2025-07-07</subfield>
    <subfield code="w">2025-07-07</subfield>
    <subfield code="y">BOOK</subfield>
  </datafield>
  <datafield tag="952" ind1=" " ind2=" ">
    <subfield code="0">0</subfield>
    <subfield code="1">0</subfield>
    <subfield code="2">ddc</subfield>
    <subfield code="4">0</subfield>
    <subfield code="7">0</subfield>
    <subfield code="8">600</subfield>
    <subfield code="a">WESSL</subfield>
    <subfield code="b">WESSL</subfield>
    <subfield code="c">GEN</subfield>
    <subfield code="d">2026-06-24</subfield>
    <subfield code="l">0</subfield>
    <subfield code="o">J 641.35652 SPIL</subfield>
    <subfield code="p">33228031000760</subfield>
    <subfield code="r">2026-06-24</subfield>
    <subfield code="w">2026-06-24</subfield>
    <subfield code="y">BOOK</subfield>
  </datafield>
</record>
